[Event "448. Wednesday (05.08.2020)"]
[Site "Official B"]
[Date "2020.08.05"]
[Round "9"]
[White "möwe"]
[Black "Joroger"]
[Result "0-1"]
[WhiteElo "1563"]
[BlackElo "1832"]
[Annotator "NA"]
[PlyCount "82"]
[EventDate "2020.08.05"]
[EventType "swiss (blitz)"]

1. e4 {[%emt 0:00:05]} c5 {[%emt 0:00:06]} 2. Nf3 {[%emt 0:00:02]} d6 {[%emt 0:00:01]} 3. Bc4 {[%emt 0:00:04]} e6 {[%emt 0:00:01]} 4. O-O {[%emt 0:00:02]} Nf6 {[%emt 0:00:00]} 5. Re1 {[%emt 0:00:02]} Be7 {[%emt 0:00:00]} 6. c3 {[%emt 0:00:01]} O-O {[%emt 0:00:01]} 7. d4 {[%emt 0:00:01]} d5 {[%emt 0:00:04]} 8. exd5 {[%emt 0:00:01]} exd5 {[%emt 0:00:00]} 9. Bb5 {[%emt 0:00:02]} b6 {[%emt 0:00:07]} 10. Bg5 {[%emt 0:00:11]} Bd7 {[%emt 0:00:03]} 11. Bf1 {[%emt 0:00:07]} Bg4 {[%emt 0:00:01]} 12. Nbd2 {[%emt 0:00:02]} Nbd7 {[%emt 0:00:02]} 13. Qc2 {[%emt 0:00:06]} h6 {[%emt 0:00:04]} 14. Bxf6 {[%emt 0:00:02]} Nxf6 {[%emt 0:00:02]} 15. Ne5 {[%emt 0:00:01]} Bd7 {[%emt 0:00:05]} 16. a4 {[%emt 0:00:05]} Re8 {[%emt 0:00:04]} 17. Nxd7 {[%emt 0:00:04]} Qxd7 {[%emt 0:00:01]} 18. Bb5 {[%emt 0:00:01]} Qd6 {[%emt 0:00:02]} 19. Bxe8 {[%emt 0:00:02]} Rxe8 {[%emt 0:00:02]} 20. Nf3 {[%emt 0:00:02]} Rc8 {[%emt 0:00:02]} 21. Qf5 {[%emt 0:00:04]} Rd8 {[%emt 0:00:12]} 22. Re5 {[%emt 0:00:16]} Bf8 {[%emt 0:00:04]} 23. Rae1 {[%emt 0:00:02]} Qc6 {[%emt 0:00:05]} 24. b3 {[%emt 0:00:09]} c4 {[%emt 0:00:01]} 25. bxc4 {[%emt 0:00:12]} Qxc4 {[%emt 0:00:02]} 26. R5e3 {[%emt 0:00:05]} Qxa4 {[%emt 0:00:02]} 27. Ne5 {[%emt 0:00:02]} Qb5 {[%emt 0:00:13]} 28. Rg3 {[%emt 0:00:05]} Rd6 {[%emt 0:00:14]} 29. Ng4 {[%emt 0:00:10]} Nxg4 {[%emt 0:00:06]} 30. Rxg4 {[%emt 0:00:07]} a5 {[%emt 0:00:03]} 31. h3 {[%emt 0:00:05]} a4 {[%emt 0:00:01]} 32. Re8 {[%emt 0:00:04]} Qxe8 {[%emt 0:00:02]} 33. Qh5 {[%emt 0:00:13]} a3 {[%emt 0:00:07]} 34. Qxh6 {[%emt 0:00:02]} Rxh6 {[%emt 0:00:01]} 35. Rxg7+ {[%emt 0:00:03]} Bxg7 {[%emt 0:00:01]} 36. g4 {[%emt 0:00:02]} Qe2 {[%emt 0:00:02]} 37. Kg2 {[%emt 0:00:00]} a2 {[%emt 0:00:04]} 38. g5 {[%emt 0:00:01]} Rg6 {[%emt 0:00:02]} 39. h4 {[%emt 0:00:01]} a1=Q {[%emt 0:00:01]} 40. Kg3 {[%emt 0:00:01]} Qg1+ {[%emt 0:00:02]} 41. Kf4 {[%emt 0:00:01]} Qgg4# {[%emt 0:00:03] (Lag: Av=0.59s, max=1.1s)} 0-1

[Event "448. Wednesday (05.08.2020)"]
[Site "Official B"]
[Date "2020.08.05"]
[Round "9"]
[White "Holzpferd"]
[Black "Scharmacher"]
[Result "1-0"]
[WhiteElo "1471"]
[BlackElo "1429"]
[Annotator "NA"]
[PlyCount "63"]
[EventDate "2020.08.05"]
[EventType "swiss (blitz)"]

1. c4 {[%emt 0:00:06]} c5 {[%emt 0:00:03]} 2. Nc3 {[%emt 0:00:02]} d6 {[%emt 0:00:01]} 3. g3 {[%emt 0:00:01]} Nf6 {[%emt 0:00:02]} 4. Bg2 {[%emt 0:00:01]} Nc6 {[%emt 0:00:01]} 5. e3 {[%emt 0:00:01]} Bd7 {[%emt 0:00:01]} 6. Nge2 {[%emt 0:00:01]} g6 {[%emt 0:00:01]} 7. O-O {[%emt 0:00:01]} Bg7 {[%emt 0:00:01]} 8. b3 {[%emt 0:00:01]} O-O {[%emt 0:00:01]} 9. Bb2 {[%emt 0:00:00]} e6 {[%emt 0:00:02]} 10. d4 {[%emt 0:00:01]} cxd4 {[%emt 0:00:03]} 11. exd4 {[%emt 0:00:00]} Rc8 {[%emt 0:00:04]} 12. Qd2 {[%emt 0:00:02]} d5 {[%emt 0:00:06]} 13. cxd5 {[%emt 0:00:03]} exd5 {[%emt 0:00:02]} 14. Nxd5 {[%emt 0:00:03]} Nxd5 {[%emt 0:00:03]} 15. Bxd5 {[%emt 0:00:01]} b6 {[%emt 0:00:06]} 16. Rac1 {[%emt 0:00:07]} Na5 {[%emt 0:00:09]} 17. Bg2 {[%emt 0:00:08]} Rxc1 {[%emt 0:00:05]} 18. Rxc1 {[%emt 0:00:02]} Be6 {[%emt 0:00:02]} 19. Nf4 {[%emt 0:00:05]} Bf5 {[%emt 0:00:03]} 20. d5 {[%emt 0:00:15]} Re8 {[%emt 0:00:07]} 21. Bxg7 {[%emt 0:00:04]} Kxg7 {[%emt 0:00:02]} 22. Qd4+ {[%emt 0:00:02]} Kg8 {[%emt 0:00:03]} 23. h4 {[%emt 0:00:08]} Re5 {[%emt 0:00:04]} 24. d6 {[%emt 0:00:11]} f6 {[%emt 0:00:03]} 25. b4 {[%emt 0:00:30]} Nc6 {[%emt 0:00:15]} 26. Bxc6 {[%emt 0:00:05]} g5 {[%emt 0:00:04]} 27. hxg5 {[%emt 0:00:07]} fxg5 {[%emt 0:00:04]} 28. Qxe5 {[%emt 0:00:03]} gxf4 {[%emt 0:00:04]} 29. Qxf5 {[%emt 0:00:17]} fxg3 {[%emt 0:00:03]} 30. Qg4+ {[%emt 0:00:07]} Kh8 {[%emt 0:00:03]} 31. Qxg3 {[%emt 0:00:01]} Qf6 {[%emt 0:00:02]} 32. d7 {[%emt 0:00:05] Scharmacher gibt auf (Lag: Av=0.31s, max=0.9s)} 1-0

[Event "448. Wednesday (05.08.2020)"]
[Site "Official B"]
[Date "2020.08.05"]
[Round "9"]
[White "Vhêne"]
[Black "W0rthl33s"]
[Result "0-1"]
[WhiteElo "1437"]
[BlackElo "1495"]
[Annotator "NA"]
[PlyCount "72"]
[EventDate "2020.08.05"]
[EventType "swiss (blitz)"]

1. d4 {[%emt 0:00:02]} d6 {[%emt 0:00:01]} 2. Bf4 {[%emt 0:00:01]} g6 {[%emt 0:00:02]} 3. e3 {[%emt 0:00:03]} b6 {[%emt 0:00:01]} 4. Nf3 {[%emt 0:00:03]} Bb7 {[%emt 0:00:01]} 5. Bc4 {[%emt 0:00:02]} Bg7 {[%emt 0:00:04]} 6. Ng5 {[%emt 0:00:02]} d5 {[%emt 0:00:09]} 7. Bb5+ {[%emt 0:00:06]} c6 {[%emt 0:00:02]} 8. Bd3 {[%emt 0:00:03]} Nf6 {[%emt 0:00:07]} 9. Qf3 {[%emt 0:00:03]} Nbd7 {[%emt 0:00:08]} 10. c3 {[%emt 0:00:04]} h6 {[%emt 0:00:01]} 11. Nh3 {[%emt 0:00:05]} Nh5 {[%emt 0:00:08]} 12. Bg3 {[%emt 0:00:04]} e5 {[%emt 0:00:05]} 13. dxe5 {[%emt 0:00:03]} Nxe5 {[%emt 0:00:02]} 14. Bxe5 {[%emt 0:00:02]} Bxe5 {[%emt 0:00:00]} 15. g4 {[%emt 0:00:07]} Ng7 {[%emt 0:00:06]} 16. O-O {[%emt 0:00:10]} Qc7 {[%emt 0:00:07]} 17. Nf4 {[%emt 0:00:06]} g5 {[%emt 0:00:10]} 18. Nh5 {[%emt 0:00:18]} Nxh5 {[%emt 0:00:02]} 19. gxh5 {[%emt 0:00:02]} Bxh2+ {[%emt 0:00:02]} 20. Kh1 {[%emt 0:00:02]} Be5 {[%emt 0:00:10]} 21. Nd2 {[%emt 0:00:07]} O-O-O {[%emt 0:00:02]} 22. a4 {[%emt 0:00:09]} Kb8 {[%emt 0:00:04]} 23. a5 {[%emt 0:00:02]} b5 {[%emt 0:00:02]} 24. a6 {[%emt 0:00:03]} Bc8 {[%emt 0:00:02]} 25. Nb3 {[%emt 0:00:02]} Rdf8 {[%emt 0:00:07]} 26. Nc5 {[%emt 0:00:02]} f5 {[%emt 0:00:04]} 27. Qd1 {[%emt 0:00:06]} Qd6 {[%emt 0:00:15]} 28. Nb3 {[%emt 0:00:06]} f4 {[%emt 0:00:08]} 29. e4 {[%emt 0:00:03]} Qe6 {[%emt 0:00:09]} 30. Qf3 {[%emt 0:00:31]} g4 {[%emt 0:00:23]} 31. Nc5 {[%emt 0:00:13]} Qf6 {[%emt 0:00:06]} 32. Qg2 {[%emt 0:00:12]} f3 {[%emt 0:00:02]} 33. Qh2 {[%emt 0:00:39]} Bxh2 {[%emt 0:00:03]} 34. Kxh2 {[%emt 0:00:01]} Qh4+ {[%emt 0:00:02]} 35. Kg1 {[%emt 0:00:04]} Qh3 {[%emt 0:00:04]} 36. exd5 {[%emt 0:00:10]} Qg2# {[%emt 0:00:03] (Lag: Av=0.95s, max=1.1s)} 0-1

[Event "448. Wednesday (05.08.2020)"]
[Site "Official B"]
[Date "2020.08.05"]
[Round "9"]
[White "Alexmil2020"]
[Black "Rainer Günnel"]
[Result "1-0"]
[WhiteElo "1383"]
[BlackElo "1340"]
[Annotator "NA"]
[PlyCount "75"]
[EventDate "2020.08.05"]
[EventType "swiss (blitz)"]

{Milgevsky, Alexander} 1. e4 {[%emt 0:00:05]} c5 {[%emt 0:00:03]} 2. Nc3 {[%emt 0:00:02]} g6 {[%emt 0:00:04]} 3. Nf3 {[%emt 0:00:01]} Bg7 {[%emt 0:00:01]} 4. d4 {[%emt 0:00:01]} cxd4 {[%emt 0:00:02]} 5. Nxd4 {[%emt 0:00:01]} d6 {[%emt 0:00:03]} 6. Qd3 {[%emt 0:00:04]} e5 {[%emt 0:00:06]} 7. Nf3 {[%emt 0:00:02]} a6 {[%emt 0:00:03]} 8. Be2 {[%emt 0:00:03]} Nf6 {[%emt 0:00:05]} 9. h4 {[%emt 0:00:02]} Nc6 {[%emt 0:00:09]} 10. Bg5 {[%emt 0:00:04]} Nb4 {[%emt 0:00:02]} 11. Qd2 {[%emt 0:00:02]} Be6 {[%emt 0:00:04]} 12. a3 {[%emt 0:00:01]} Nc6 {[%emt 0:00:02]} 13. O-O {[%emt 0:00:02]} O-O {[%emt 0:00:02]} 14. b4 {[%emt 0:00:01]} Qc8 {[%emt 0:00:05]} 15. Nd5 {[%emt 0:00:03]} Nxd5 {[%emt 0:00:05]} 16. exd5 {[%emt 0:00:01]} Bg4 {[%emt 0:00:19]} 17. dxc6 {[%emt 0:00:03]} Qxc6 {[%emt 0:00:00]} 18. c4 {[%emt 0:00:17]} Rac8 {[%emt 0:00:04]} 19. b5 {[%emt 0:00:03]} axb5 {[%emt 0:00:04]} 20. cxb5 {[%emt 0:00:01]} Qc2 {[%emt 0:00:05]} 21. Qxc2 {[%emt 0:00:02]} Rxc2 {[%emt 0:00:02]} 22. Rfe1 {[%emt 0:00:07]} e4 {[%emt 0:00:05]} 23. Nd4 {[%emt 0:00:03]} Bxd4 {[%emt 0:00:15]} 24. Bxg4 {[%emt 0:00:02]} Bxf2+ {[%emt 0:00:04]} 25. Kh1 {[%emt 0:00:02]} Bxe1 {[%emt 0:00:01]} 26. Rxe1 {[%emt 0:00:01]} d5 {[%emt 0:00:07]} 27. Ra1 {[%emt 0:00:03]} Rb2 {[%emt 0:00:02]} 28. a4 {[%emt 0:00:01]} Rb3 {[%emt 0:00:04]} 29. Bf6 {[%emt 0:00:04]} e3 {[%emt 0:00:02]} 30. Be2 {[%emt 0:00:02]} Re8 {[%emt 0:00:07]} 31. g4 {[%emt 0:00:01]} h5 {[%emt 0:00:06]} 32. g5 {[%emt 0:00:01]} Re4 {[%emt 0:00:04]} 33. a5 {[%emt 0:00:07]} Rxh4+ {[%emt 0:00:02]} 34. Kg2 {[%emt 0:00:01]} d4 {[%emt 0:00:10]} 35. a6 {[%emt 0:00:02]} bxa6 {[%emt 0:00:03]} 36. bxa6 {[%emt 0:00:01]} d3 {[%emt 0:00:02]} 37. a7 {[%emt 0:00:01]} dxe2 {[%emt 0:00:04]} 38. a8=Q+ {[%emt 0:00:02] Rainer Günnel gibt auf (Lag: Av=0.32s, max=0.8s)} 1-0